00702nam a2200241 a 4500001001300000003000900013005001700022008004100039020001000080082001500090100001900105245004800124260004700172300000800219500003500227505001400262650002000276700001900296902000800315942000700323952011500330999001500445nice12345678IN_TiNIC20260116011659.0050524s1972 mada grp 000 0 eng  ac10000a267.6bJOH aJohn, George M aYouth Christian Council of Action 1938-1954 aMadrasbChristian Literature Societyc1972 a98p aincludes index and biblioraphy2 aresereved aChristian-Youth1 aJohn, George M bSRS cBK 001040708StackRoom-aHMIbHMId2007-07-12g100.00l0o267.6 JOHp06941r2007-07-12v100.00w2005-05-24yBK c3365d3365